<?xml version="1.0" encoding="UTF-8"?>
<collection xmlns="http://www.loc.gov/MARC21/slim">
<record>
  <controlfield tag="001">165037</controlfield>
  <controlfield tag="005">20251204150239.0</controlfield>
  <datafield tag="024" ind1="7" ind2=" ">
    <subfield code="2">doi</subfield>
    <subfield code="a">10.1016/j.jeurceramsoc.2025.118022</subfield>
  </datafield>
  <datafield tag="024" ind1="8" ind2=" ">
    <subfield code="2">sideral</subfield>
    <subfield code="a">146471</subfield>
  </datafield>
  <datafield tag="037" ind1=" " ind2=" ">
    <subfield code="a">ART-2025-146471</subfield>
  </datafield>
  <datafield tag="041" ind1=" " ind2=" ">
    <subfield code="a">eng</subfield>
  </datafield>
  <datafield tag="100" ind1=" " ind2=" ">
    <subfield code="a">Oliete, P.B.</subfield>
    <subfield code="u">Universidad de Zaragoza</subfield>
    <subfield code="0">(orcid)0000-0003-3480-398X</subfield>
  </datafield>
  <datafield tag="245" ind1=" " ind2=" ">
    <subfield code="a">Binary and ternary eutectic composites of the CaO – ZrO2 – MgO system for porous ceramic supports</subfield>
  </datafield>
  <datafield tag="260" ind1=" " ind2=" ">
    <subfield code="c">2025</subfield>
  </datafield>
  <datafield tag="520" ind1="3" ind2=" ">
    <subfield code="a">We recently reported on the use of c-ZrO2-MgO eutectic composites produced by directional solidification as supports for CO2-selective membranes based on molten carbonates. Here, we explore other compositions, particularly within the CaO – ZrO2 – MgO system, with the ultimate goal of improving the membrane permeation by either increasing the support’s ionic conductivity or reducing its tortuosity. The three eutectic-like composites studied display MgO fibres embedded in single-phase or two-phase matrices. The composite with 8.5CaO/48.5ZrO2/43MgO mol% composition consists of MgO fibres in an oxide-ion conducting c-ZrO2 matrix containing both Ca and Mg. A binary CaZrO3 – MgO eutectic-like composite forms at ∼33CaO/35ZrO2/32MgO mol% with MgO fibres in a Ca-poor, Mg-doped CaZrO3 matrix displaying mixed oxide-ion and hole conductivity. For 22CaO/45ZrO2/33MgO mol% composition, a ternary eutectic forms with MgO fibres at the interfaces of CaZrO3 and c-ZrO2 phases. Acid etching tests were conducted to verify the feasibility of fabricating a porous support.</subfield>
  </datafield>
  <datafield tag="506" ind1="0" ind2=" ">
    <subfield code="a">Access copy available to the general public</subfield>
    <subfield code="f">Unrestricted</subfield>
  </datafield>
  <datafield tag="536" ind1=" " ind2=" ">
    <subfield code="9">info:eu-repo/grantAgreement/ES/DGA/T02-23R</subfield>
    <subfield code="9">info:eu-repo/grantAgreement/ES/MCINN/FEDER/PID2021-124863OB-I00</subfield>
    <subfield code="9">info:eu-repo/grantAgreement/ES/MICIU/CEX2023-001286-S</subfield>
  </datafield>
  <datafield tag="540" ind1=" " ind2=" ">
    <subfield code="9">info:eu-repo/semantics/openAccess</subfield>
    <subfield code="a">by-nc-nd</subfield>
    <subfield code="u">https://creativecommons.org/licenses/by-nc-nd/4.0/deed.es</subfield>
  </datafield>
  <datafield tag="655" ind1=" " ind2="4">
    <subfield code="a">info:eu-repo/semantics/article</subfield>
    <subfield code="v">info:eu-repo/semantics/publishedVersion</subfield>
  </datafield>
  <datafield tag="700" ind1=" " ind2=" ">
    <subfield code="a">Merino, R.I.</subfield>
    <subfield code="0">(orcid)0000-0003-0747-405X</subfield>
  </datafield>
  <datafield tag="700" ind1=" " ind2=" ">
    <subfield code="a">Peña, J.I.</subfield>
    <subfield code="u">Universidad de Zaragoza</subfield>
    <subfield code="0">(orcid)0000-0003-2242-6822</subfield>
  </datafield>
  <datafield tag="700" ind1=" " ind2=" ">
    <subfield code="a">Sanjuán, M.L.</subfield>
    <subfield code="0">(orcid)0000-0002-5793-2058</subfield>
  </datafield>
  <datafield tag="710" ind1="2" ind2=" ">
    <subfield code="1">5001</subfield>
    <subfield code="2">065</subfield>
    <subfield code="a">Universidad de Zaragoza</subfield>
    <subfield code="b">Dpto. Ciencia Tecnol.Mater.Fl.</subfield>
    <subfield code="c">Área Cienc.Mater. Ingen.Metal.</subfield>
  </datafield>
  <datafield tag="773" ind1=" " ind2=" ">
    <subfield code="g">46, 5 (2025), 118022 [12 pp.]</subfield>
    <subfield code="p">J. Eur. Ceram. Soc.</subfield>
    <subfield code="t">Journal of the European Ceramic Society</subfield>
    <subfield code="x">0955-2219</subfield>
  </datafield>
  <datafield tag="856" ind1="4" ind2=" ">
    <subfield code="s">13566646</subfield>
    <subfield code="u">http://zaguan.unizar.es/record/165037/files/texto_completo.pdf</subfield>
    <subfield code="y">Versión publicada</subfield>
  </datafield>
  <datafield tag="856" ind1="4" ind2=" ">
    <subfield code="s">2715732</subfield>
    <subfield code="u">http://zaguan.unizar.es/record/165037/files/texto_completo.jpg?subformat=icon</subfield>
    <subfield code="x">icon</subfield>
    <subfield code="y">Versión publicada</subfield>
  </datafield>
  <datafield tag="909" ind1="C" ind2="O">
    <subfield code="o">oai:zaguan.unizar.es:165037</subfield>
    <subfield code="p">articulos</subfield>
    <subfield code="p">driver</subfield>
  </datafield>
  <datafield tag="951" ind1=" " ind2=" ">
    <subfield code="a">2025-12-04-14:39:46</subfield>
  </datafield>
  <datafield tag="980" ind1=" " ind2=" ">
    <subfield code="a">ARTICLE</subfield>
  </datafield>
</record>
</collection>